000 005440000a22001810004500
090 _aAR
_b00742
245 1 0 _aBiological extinction in western Ecuador
650 1 4 _aDeforestación
_9266
650 1 4 _aBiodiversidad
_992204
650 1 4 _aPatrones de diversidad florística
_993917
650 1 4 _aEndemismo
_948559
651 4 _pEcuador
_992749
041 0 _aInglés
700 1 _aGentry, Alwyn H.
_93673
100 1 _aDodson, Calaway H.
_993898
942 _cARTICULO
773 1 _tAnnals of the Missouri Botanical Garden
_3157
_h2
_q273-295
_d1991
_g78
999 _c9833
_d9833